Trophée Yachine 2019 - Statistiques

Statistiques générales
  • Ce quiz a été pris 96 fois
  • Le résultat moyen est 7 sur 10
Statistiques - réponses
Rang Joueurs Club Points % Correct
1 Alisson Liverpool 795
94%
3 Ederson Manchester City 142
93%
5 Hugo Lloris Tottenham 80
89%
6 Manuel Neuer Bayern Munich 52
89%
2 Marc-André ter Stegen FC Barcelone 284
86%
4 Jan Oblak Atletico Madrid 131
75%
7 André Onana Ajax Amsterdam 41
43%
10 Samir Handanovič Inter Milan 6
39%
9 Wojciech Szczęsny Juventus 24
23%
8 Kepa Arrizabalaga Chelsea 29
21%
Aucun quiz correspondant
Distribution des résultats
% des personnes avec chaque résultat
Percentile par nombre de réponses
Votre historique - résultats
Vous n’avez pas pris ce quiz